000 00393pab a2200145 454500
008 180718b2007 xxu||||| |||| 00| 0 eng d
100 _aWhitaker, Beth Elise
245 _aExporting the patriot act? Democracy and the `war on terror' in the Third World
260 _c2007
300 _ap.1017-032.
650 _aTerrorism
773 _aThird World Quarterly
908 _aN
909 _a75215
999 _c75215
_d75215